| 000 | 01095nas a2200301 454500 | ||
|---|---|---|---|
| 001 | 34359 | ||
| 005 | 20260407193509.0 | ||
| 008 | 260407s1939####ag###########|||spa#d | ||
| 003 | AR-UNSa-BCEJYS | ||
| 040 |
_aAR-UNSa-BCEJYS _bspa _cAR-UNSa-BCEJYS |
||
| 080 |
_a330 _xEconomía en general |
||
| 245 | 1 | 0 | _aRevista de economía y estadística |
| 022 | _a0034-8066 | ||
| 264 | 1 |
_aCórdoba : _bUniversidad Nacional de Córdoba. Facultad de Ciencias Económicas. Instituto de Economía y Finanzas _c1939 |
|
| 310 | _aFrecuencia: Semestral | ||
| 041 | _aspa | ||
| 942 | _cSER | ||
| 590 | _aniveau_biblio:s niveau_hierar:1 | ||
| 100 | 1 | _aUniversidad Nacional de Córdoba. Facultad de Ciencias Económicas. Instituto de Economía y Finanzas | |
| 700 | 1 | _aDiaz Cafferata, Alberto M. | |
| 700 | 1 | _aRezk, Ernesto | |
| 650 | _aEstadísticas económicas | ||
| 650 | _aMicroeconomía | ||
| 650 | _aInvestigación económica | ||
| 650 | _aMacroeconomía | ||
| 650 | _aECONOMIA | ||
| 856 | 4 | 1 |
_uhttps://biblioeco.unsa.edu.ar/pmb/images/revistas/economiay_estadistica.jpg _yImagen de portada _qimage/jpeg |
| 999 |
_c8751 _d8751 |
||